MDQL
is popping MORE tags! Check the
thread
!
Quizzes
Events
Quiz Creation
Community
Videos
Private Events
Remove Ads
Sign In
Join for FREE
Feedback
Dark Mode
Quiz Categories
Sports
Geography
Music
Movies
Television
Just For Fun
Miscellaneous
History
Literature
Language
Science
Gaming
Entertainment
Religion
Holiday
For Kids
Quiz Lab
Recent
Popular Today
Quiz Kudos Today
Editor Picks
Curator Picks
Quizzes by...
Day
Popularity
Type
Ratings
Length
Year
Community
Subscriptions
Recent Discussions
Orange Saloon
Badges
Playlists
Quests
Create
Leaderboards
Showdown
Live 5
Trivia Bingo
Activity
Puzzle Library
Sporcle Events
Private Events
Virtual Trivia
Globe League
Become a Host
Pub Owners
SporcleCon
Opinionation
Our Games
Videos
Blog
Mobile Apps
Partnerships
Remove Ads and Go Orange
Feedback
Science
Computer
Plants
Astronomy
Chemistry
Elements
Math
Animal
Physics
Anatomy
Biology
Geology
General Science
Science
Computer
Plants
Astronomy
Chemistry
Elements
Math
Animal
Physics
Anatomy
Biology
Geology
General Science
Random Quiz
Search Sporcle
×
Quiz Lab
Quiz Lab
Science
Animal
Type in answers that appear in a list
Type in answers that appear in a list
Classic
Best Score? Go Orange.
The Animal Quiz Stats
Can you name the animals in this quiz?
By
kanoza863
10m
15 Questions
7 Plays
7 Plays
7 Plays
Comments
Comments
Give Quiz Kudos
Give Quiz Kudos
-
- Ratings
hide this ad
Replay
Link that replays current quiz
Next Quiz
Link to next quiz in quiz playlist
You Got
0%
They Got
Avg Score
74%
Avg Friend Score
Upgrade to see
Score Distribution
Jump to the score distribution portion of the page
Score
0/15
Timer
10:00
0
Plays Today
Clue
Animal
% Correct
This animal eats plants, and has a very long neck.
Giraffe
100%
White, and black striped animal that's like a horse.
Zebra
100%
The fastest land animal.
Cheetah
100%
Sea animal that's shaped like a star.
Starfish
85.7%
Insect that pollinates plants for honey.
Bumble Bee
85.7%
Insect that starts as a caterpillar then grows wings.
Monarch Butterfly
85.7%
The animal that pulls Santa's sleigh.
Reindeer
85.7%
Giant mammal that lives in the sea, with 'shark' in its name.
Whale Shark
71.4%
Clue
Animal
% Correct
Animal with a shell the same substance as your fingernail, and known to swallow plastic inside the oceans.
Turtle
71.4%
Sea animal that puffs up, like a balloon, to protect itself with its pointy skin.
Pufferfish
71.4%
Lizard with deadly venoms, and lives in the Indonesian islands.
Komodo Dragon
71.4%
Giant wooly animals that are 'related' to elephants, and lived more than a million years ago
Wooly Mammoth
71.4%
This animal lives in the savana, and has a mane.
Lion
57.1%
This animal is the fastest animal in the world.
Peregrine Falcon
57.1%
Hairy Arachnid that pounces on, and eats bugs.
Turantula
0%
Quiz Playlist
Details
Report
Send in Message
Add To Playlist
Classic:
Type in answers that appear in a list
Last Updated: Feb 20, 2020
Quiz Scoreboard
CHALLENGE
Sign Up to Join the Scoreboard
Show All
Scores
Hide
Comments
May contain spoilers
Recently Published
Holiday 10x10 Sorting Gallery
by lukepisani3
Holiday
15m
Two Season TV Shows II
by 123Four
Television
10m
Image Sorting: Flags VI
by Barbecue
Geography
2m
More to Explore
Quiz From the Vault
Featured Blog Post
14 Easter Pick-up Lines to Find Eggs With
hide this ad
You Might Also Like...
Tags
Animal Quiz
Today's Top Quizzes in Science
Browse Science
hide this ad
Today's Top Quizzes in Animal
Browse Animal
Top Contributed Quizzes in Science
1
Mitosis Sporcle for Escape Room
2
Windmill: Elements
3
DNA Speed Challenge For Breakout Box
4
200 Vogels in Nederland
5
Elements In Images
6
Glycolysis
7
Quick Pick: 'CI-CJ' Animals
8
Astronomy Spelling Bee
9
perfect squares 1-25
10
Periodic Table of Elements by Abbreviations
Explore More
Trending Topics
Crossword
Anime
NBA
Harry Potter
Kpop
Marvel
Disney
Song
Country
NFL
Soccer
Puzzle
Pokémon
The Office
WWE
hide this ad
More By:
kanoza863
Quiz
Plays
Rating
Category
Featured
Created
The Alphabet Logic Puzzle
179
1.33
Just For Fun
Feb 29, 2020
The Lovegood Quiz (Harry Potter)
91
3.00
Literature
Mar 2, 2020
Harry Potter A-Z alphabet
79
3.50
Literature
Mar 1, 2020
The Long Harry Potter Quiz (Most Info On Internet)
77
1.57
Entertainment
Mar 6, 2020
Ron Weasley's quiz
76
Literature
Mar 1, 2020
Go to Creator's Profile
Score Distribution
Quiz Creator Spotlight
kanoza863
Follow
Send a Message
Quizzes Created
-
Created Quiz Play Count
-
More By This Creator
Popular Quizzes Today
1
Find the US States - No Outlines Minefield
2
Colored Red Africa Blitz
3
Find the 'City' Movie
4
The Countries of the World
5
5x2 Blitz: Bands
6
Find the US States
7
Find the Countries of Europe - No Outlines Minefield
8
US States
More Science Quizzes
Elemental Scientists
Published
Trending Quizzes
Colored Red Europe Blitz I
Colored Red Europe Blitz II
Colored Red Africa Blitz II
Colored Red Europe Blitz III
Colored Red Africa Blitz III
Recently Updated
Odd Team Out - Big 4 Players
pecheneg
Quick Pick: 20 Twenties
pecheneg
March Madness Men's Triple Doubles
pecheneg
How Do You Spell That?
pecheneg
Godzilla Movies
pecheneg
Grab Bag: 4-10 Letters
pecheneg
2024 March Madness Bracket
pecheneg
Famous TV Couples
Peacemaker
Champions League XIs: Real Madrid
pecheneg
Largest US Cities 1790-2010
pecheneg
Trending Topics
Harry Potter
Disney
Anime
Crossword
Marvel
Kpop
NBA
Pokémon
NFL
Puzzle
Soccer
The Office
WWE
Song
Country
Your Account Isn't Verified!
In order to create a playlist on Sporcle, you need to verify the email address you used during registration. Go to your
Sporcle Settings
to finish the process.
Report this User
Report this user for behavior that violates our
Community Guidelines
.
Details:
Send Report
Go to the Sporcle.com Mobile Site →
Comments